Pays avec la lettre K - Statistiques

Statistiques générales
  • Ce quiz a été pris 752 fois
  • Le résultat moyen est 9 sur 15
Statistiques - réponses
Réponses % Correct
Kazakhstan
94%
Kirghizistan
84%
Kenya
78%
Koweit
76%
Kosovo
75%
Kiribati
71%
Turkménistan
68%
Ouzbékistan
66%
Pakistan
65%
Tadjikistan
60%
Irak
52%
Ukraine
43%
Danemark
42%
Sri Lanka
36%
Burkina Faso
34%
Aucun quiz correspondant
Distribution des résultats
% des personnes avec chaque résultat
Percentile par nombre de réponses
Votre historique - résultats
Vous n’avez pas pris ce quiz